000 00550nam a22001937a 4500
005 20251108164257.0
008 250721s1986 xx 000 0 ara d
082 1 4 _a375/أحم
100 1 _aشلبي، أحمد إبراهيم
245 1 0 _aالبيئة و المناهج المدرسية /
250 _aط2
264 1 _aالقاهرة :
_bمؤسسة الخليج العربي،
_c1986.
300 _a105ص
490 0 _aمعالم تربوية
650 1 7 _aالتربية
650 1 7 _aالمناهج
942 _2ddc
_cBK
999 _c8155
_d8155